000 00240nam a2200085Ia 4500
245 0 _aLEWE SAAM MET DIE 1820-SETLAARS
100 _a ROBERTSON, MARIAN Cape Town, 1985
_995428
942 _cBK
008 210817s9999 xx 000 0 und d
999 _c395960
_d395959